000 00464nam a2200193Ia 4500
003 OSt
005 20250825093541.0
008 250729s2004 xx 000 0 und d
020 _a978-8176487382
040 _cAL
041 _aeng
082 _a372.8 TRIE
100 _aTrivedi P R
_9222107
245 _aEnviournmental education
260 _aNew Delhi
_bA P H Publishing
_c2004
300 _a201p
650 _aEnviournmental
_9222108
942 _2ddc
_cBED
999 _c235306
_d235306